Documentos para la enseñanza de la historia argentina : 1852-1890 /

Guardado en:
Autor Principal: Auza, Néstor Tomás
Formato: Libro
Publicado: Buenos Aires : Pannedille, 1970
Materias:
Etiquetas: Agregar Etiqueta
Sin Etiquetas, Sea el primero en etiquetar este registro!
LEADER 00509nam a22001695a 4500
001 CEM.cems000756
005 20060210000000.0
008 130507s1970##################000#0#####d
003 CEMS
082 0 4 |a 982.05 
100 1 |a Auza, Néstor Tomás 
245 1 0 |a Documentos para la enseñanza de la historia argentina :  |b 1852-1890 / 
260 |a Buenos Aires :  |b Pannedille,  |c 1970 
300 |a 253 p. 
653 |a Historia 
653 |a Historia argentina 
859 |a CEMS  |b BIB. CEMS - 11 de abril  |h 982.05  |i Au97/I  |p 8078.80  |t Ej.1